| 000 | 00931nam a22002057a 4500 | ||
|---|---|---|---|
| 003 | OSt | ||
| 005 | 20161115111202.0 | ||
| 008 | 140214b2016 slv spa | ||
| 040 | _cBMC | ||
| 082 | _a425.07 | ||
| 100 | 1 |
_940425 _aZeledón Arriola, Sergio Enrique |
|
| 245 | 1 | 0 |
_aEnglish study manual for Instituto Nacional del Congo, High School _b: proyecto _cSergio Enrique Zeledón Arriola |
| 260 |
_aSanta Ana (El Salvador) _bUniversidad Católica de El Salvador _c[2016?] |
||
| 300 |
_a53 h. _bil. col _c27 cm _e+ 1 disco compacto |
||
| 500 | _aPrecede al tít.: Universidad Católica de El Salvador, Facultad de Ciencias y Humanidades | ||
| 502 | _aTo obtain the degree of: Licenciatura en Ciencias de la Educación con Especialidad en Idioma Inglés | ||
| 650 | 2 | 4 |
_917614 _aLengua inglesa _xGramática _xEnseñanza |
| 710 | 2 |
_91075 _aUniversidad Católica de El Salvador _bFacultad de Ciencias y Humanidades |
|
| 942 |
_2ddc _cTG |
||
| 999 |
_c26493 _d26493 |
||